[Event "ESP-ch Universities"]
[Site "Badajoz"]
[Date "2013.04.17"]
[Round "3"]
[White "Rodriguez Guerrero, Enrique"]
[Black "Picazo Lopez, Ignacio"]
[Result "1-0"]
[WhiteElo "2445"]
[BlackElo "2120"]
[PlyCount "53"]
[EventDate "2013.04.17"]
[EventType "swiss"]
[EventRounds "9"]
[EventCountry "ESP"]
[SourceTitle "CBM 154 Extra"]
[Source "ChessBase"]
[SourceDate "2013.06.25"]
[SourceVersion "2"]
[SourceVersionDate "2013.06.25"]
[SourceQuality "1"]

1. e4 d5 2. exd5 Nf6 3. Bb5+ Bd7 4. Be2 Bf5 5. Nf3 Nxd5 6. d4 e6 7. 0-0 Be7 8. a3 0-0 9. c4 Nb6 10. Nc3 c5 11. dxc5 Bxc5 12. b4 Be7 13. Be3 Bf6 14. Qb3 N6d7 15. Rac1 Nc6 16. Rfd1 Qe7 17. Nb5 Bg4 18. h3 Bxf3 19. Bxf3 Be5 20. c5 Nf6 21. Nd6 a6 22. Qa4 Qc7 23. Nxb7 Nd5 24. Nd6 Nce7 25. Nc4 Nc3 26. Rxc3 Bxc3 27. Rd7 1-0

[Event "La Roda op 40th"]
[Site "La Roda"]
[Date "2013.03.28"]
[Round "2"]
[White "Picazo Lopez, Ignacio"]
[Black "Libiszewski, Fabien"]
[Result "1/2-1/2"]
[WhiteElo "2120"]
[BlackElo "2518"]
[PlyCount "60"]
[EventDate "2013.03.27"]
[EventType "swiss"]
[EventRounds "9"]
[EventCountry "ESP"]
[SourceTitle "CBM 153 Extra"]
[Source "ChessBase"]
[SourceDate "2013.04.22"]
[SourceVersion "1"]
[SourceVersionDate "2013.04.22"]
[SourceQuality "1"]

1. e4 c5 2. Nf3 Nc6 3. Nc3 g6 4. d4 cxd4 5. Nxd4 Bg7 6. Be3 Nf6 7. Bc4 Qa5 8. 0-0 0-0 9. Bb3 d6 10. h3 Bd7 11. Re1 Rfc8 12. Qd2 Ne5 13. Bh6 Bxh6 14. Qxh6 Nc4 15. Nd5 Nxd5 16. exd5 Qxd5 17. Rxe7 Qxd4 18. Rxd7 b5 19. c3 Qe5 20. Qh4 Rc5 21. Re7 Qf5 22. a4 Rf8 23. axb5 d5 24. Raxa7 Qb1+ 25. Kh2 Nd2 26. Ba2 Qc1 27. f3 Nf1+ 28. Kg1 Ng3+ 29. Kh2 Nf1+ 30. Kg1 Ng3+ 1/2-1/2

[Event "Albacete op 17th"]
[Site "Albacete"]
[Date "2009.09.02"]
[Round "3"]
[White "Picazo Lopez, Ignacio"]
[Black "Espinosa Aranda, Angel"]
[Result "1/2-1/2"]
[WhiteElo "1993"]
[BlackElo "2356"]
[PlyCount "113"]
[EventDate "2009.09.01"]
[EventType "swiss"]
[EventRounds "9"]
[EventCountry "ESP"]
[SourceTitle "CBM 132 Extra"]
[Source "ChessBase"]
[SourceDate "2009.11.03"]
[SourceVersion "1"]
[SourceVersionDate "2009.11.03"]
[SourceQuality "1"]

1. e4 c5 2. Nf3 Nc6 3. d4 cxd4 4. Nxd4 Nf6 5. Nc3 d6 6. f3 e5 7. Nb3 Be7 8. Nd5 Nxd5 9. exd5 Nb8 10. c4 0-0 11. Be2 f5 12. Be3 Nd7 13. 0-0 f4 14. Bf2 Rf6 15. Nd2 Rh6 16. g4 fxg3 17. hxg3 Nf6 18. Re1 Qe8 19. Be3 Rh3 20. Kg2 Qg6 21. Nf1 Nh5 22. g4 Rh4 23. Bd3 Qf7 24. gxh5 Qxh5 25. Bg1 Bh3+ 26. Kf2 Rg4 27. Ne3 Bh4+ 28. Ke2 Rf4 29. Kd2 Bxe1+ 30. Qxe1 Qxf3 31. Qe2 Raf8 32. Qxf3 Rxf3 33. b4 b6 34. c5 bxc5 35. bxc5 dxc5 36. Nc4 Rd8 37. Nxe5 Rf6 38. Bc4 Be6 39. Nc6 Rd7 40. Kc3 Rf3+ 41. Kd2 Rf6 42. Bxc5 Kh8 43. Rb1 h5 44. Bd4 Bxd5 45. Rb8+ Kh7 46. Bd3+ Kh6 47. Bxf6 gxf6 48. Nb4 Bf7 49. a4 a5 50. Nc2 Bg6 51. Ne1 Bxd3 52. Nxd3 Rd4 53. Rh8+ Kg5 54. Rg8+ Kf5 55. Rh8 Kg5 56. Rg8+ Kf5 57. Rh8 1/2-1/2

[Event "Albacete op 17th"]
[Site "Albacete"]
[Date "2009.09.02"]
[Round "2"]
[White "Picazo Lopez, Ignacio"]
[Black "Lara Granero, Bio"]
[Result "1-0"]
[WhiteElo "1993"]
[BlackElo "2035"]
[PlyCount "57"]
[EventDate "2009.09.01"]
[EventType "swiss"]
[EventRounds "9"]
[EventCountry "ESP"]
[SourceTitle "CBM 132 Extra"]
[Source "ChessBase"]
[SourceDate "2009.11.03"]
[SourceVersion "1"]
[SourceVersionDate "2009.11.03"]
[SourceQuality "1"]

1. e4 e5 2. Nf3 Nc6 3. d4 exd4 4. Nxd4 Qh4 5. Nb5 Qxe4+ 6. Be2 Bd6 7. Qxd6 Qxe2+ 8. Kxe2 cxd6 9. Nc7+ Kd8 10. Nxa8 b5 11. Nc3 b4 12. Nd5 Nd4+ 13. Kd3 Ne6 14. Re1 Bb7 15. Nac7 Nxc7 16. Nxc7 Kxc7 17. Re8 Bxg2 18. Bf4 Bd5 19. Rg1 g6 20. Bh6 Be4+ 21. Kd2 Nxh6 22. Rxh8 Nf5 23. Rxh7 Bd5 24. h4 Nd4 25. Rg4 Nc6 26. Rf4 a5 27. h5 gxh5 28. Rxh5 Kb6 29. Rxd5 1-0

[Event "ESP-ch U18"]
[Site "Padron"]
[Date "2008.08.01"]
[Round "8"]
[White "Picazo Lopez, Ignacio"]
[Black "Castellano Egea, Einar"]
[Result "1/2-1/2"]
[WhiteElo "1973"]
[BlackElo "2128"]
[PlyCount "49"]
[EventDate "2008.07.27"]
[EventType "swiss"]
[EventRounds "9"]
[EventCountry "ESP"]
[SourceTitle "CBM 125 Extra"]
[Source "ChessBase"]
[SourceDate "2008.09.01"]
[SourceVersion "1"]
[SourceVersionDate "2008.09.01"]
[SourceQuality "1"]

1. d4 e6 2. Nf3 Nf6 3. Bg5 d5 4. e3 Nbd7 5. Bd3 Bd6 6. Nbd2 e5 7. e4 0-0 8. exd5 exd4 9. 0-0 Be7 10. Nxd4 Nxd5 11. Bxe7 Nxe7 12. N2f3 Nc5 13. Bc4 Nf5 14. Nxf5 Bxf5 15. Nd4 Bg6 16. f4 Be4 17. b4 Na4 18. Nf3 Qxd1 19. Raxd1 Bxc2 20. Rc1 Be4 21. Bb3 Nb6 22. Rxc7 Nd5 23. Rd7 Nf6 24. Rc7 Nd5 25. Rd7 1/2-1/2

[Event "ESP-ch U16"]
[Site "Padron"]
[Date "2008.07.24"]
[Round "8"]
[White "Diaz Diaz, Herena"]
[Black "Picazo Lopez, Ignacio"]
[Result "0-1"]
[WhiteElo "1806"]
[BlackElo "1973"]
[PlyCount "64"]
[EventDate "2008.07.20"]
[EventType "swiss"]
[EventRounds "9"]
[EventCountry "ESP"]
[SourceTitle "EXT 2010"]
[Source "ChessBase"]
[SourceDate "2010.11.25"]
[SourceVersion "1"]
[SourceVersionDate "2010.11.25"]
[SourceQuality "1"]

1. e4 d6 2. d4 Nf6 3. Nc3 g6 4. f4 Bg7 5. Nf3 c5 6. d5 0-0 7. Bd3 e6 8. dxe6 Bxe6 9. 0-0 c4 10. Be2 Qb6+ 11. Qd4 Qxd4+ 12. Nxd4 Nxe4 13. Nxe6 Nxc3 14. Bxc4 Rc8 15. Nxg7 Rxc4 16. bxc3 Kxg7 17. Rf3 Na6 18. Rd3 Rd8 19. Be3 Nc5 20. Rd5 Ne4 21. Rd4 Rdc8 22. Rxc4 Rxc4 23. Bxa7 Nxc3 24. Bb8 Ne4 25. Rc1 d5 26. Rb1 Rxc2 27. g3 Nd2 28. Be5+ Kf8 29. Rxb7 Nf3+ 30. Kf1 Nxe5 31. fxe5 Rxa2 32. h3 Ke8 0-1

[Event "La Roda op 34th"]
[Site "La Roda"]
[Date "2007.04.04"]
[Round "1"]
[White "Picazo Lopez, Ignacio"]
[Black "Pogorelov, Ruslan"]
[Result "0-1"]
[WhiteElo "1941"]
[BlackElo "2462"]
[PlyCount "66"]
[EventDate "2007.04.04"]
[EventType "swiss"]
[EventRounds "9"]
[EventCountry "ESP"]
[SourceTitle "CBM 117 Extra"]
[Source "ChessBase"]
[SourceDate "2007.05.09"]
[SourceVersion "1"]
[SourceVersionDate "2007.05.09"]
[SourceQuality "1"]

1. e4 c5 2. Nf3 Nc6 3. d4 cxd4 4. Nxd4 Qc7 5. Nc3 e6 6. Be3 a6 7. g3 Nf6 8. Bg2 Ne5 9. Bf4 d6 10. 0-0 Be7 11. Bc1 Bd7 12. f4 Nc6 13. Be3 0-0 14. Kh1 Rfd8 15. g4 Nxd4 16. Bxd4 e5 17. fxe5 dxe5 18. g5 exd4 19. gxf6 dxc3 20. fxe7 Re8 21. bxc3 Rxe7 22. Qd2 Bc6 23. Rae1 Rd8 24. Qg5 h6 25. Qg4 Rd2 26. Re2 Rxe2 27. Qxe2 Bb5 28. Qf3 Bxf1 29. Bxf1 Qe5 30. Bd3 Qxc3 31. Kg2 Qd2+ 32. Kh1 Re6 33. Qg3 Qd1+ 0-1

[Event "Albacete op 13th"]
[Site "Albacete"]
[Date "2005.09.07"]
[Round "9"]
[White "Vehi Bach, Victor Manuel"]
[Black "Picazo Lopez, Ignacio"]
[Result "1-0"]
[WhiteElo "2404"]
[BlackElo "1861"]
[PlyCount "29"]
[EventDate "2005.09.01"]
[EventType "swiss"]
[EventRounds "9"]
[EventCountry "ESP"]
[SourceTitle "CBM 108 Extra"]
[Source "ChessBase"]
[SourceDate "2005.11.04"]
[SourceVersion "1"]
[SourceVersionDate "2005.11.04"]
[SourceQuality "1"]

1. e4 d6 2. d4 Nf6 3. Nc3 c6 4. f4 b5 5. Bd3 g6 6. Nf3 a6 7. 0-0 Bb7 8. e5 Nd5 9. Nxd5 cxd5 10. f5 dxe5 11. fxg6 hxg6 12. Nxe5 Qb6 13. Nxf7 Qxd4+ 14. Kh1 Rg8 15. Bxb5+ 1-0

[Event "Albacete op 13th"]
[Site "Albacete"]
[Date "2005.09.04"]
[Round "6"]
[White "Alonso, Marcos"]
[Black "Picazo Lopez, Ignacio"]
[Result "1-0"]
[WhiteElo "2214"]
[BlackElo "1861"]
[PlyCount "49"]
[EventDate "2005.09.01"]
[EventType "swiss"]
[EventRounds "9"]
[EventCountry "ESP"]
[SourceTitle "CBM 108 Extra"]
[Source "ChessBase"]
[SourceDate "2005.11.04"]
[SourceVersion "1"]
[SourceVersionDate "2005.11.04"]
[SourceQuality "1"]

1. d4 d5 2. c4 e6 3. Nf3 Nf6 4. Nc3 c6 5. e3 Bd6 6. Qc2 Nbd7 7. b3 e5 8. cxd5 Nxd5 9. dxe5 Nxe5 10. Nxe5 Bxe5 11. Qe4 Qe7 12. Nxd5 cxd5 13. Bb5+ Kf8 14. Qa4 f6 15. Ba3 Bd6 16. Bxd6 Qxd6 17. 0-0 Kf7 18. Rfd1 Be6 19. e4 Qe5 20. exd5 Bxd5 21. Bc4 Rhd8 22. Rxd5 Rxd5 23. Rd1 Rad8 24. Qa5 Ke6 25. Qxd8 1-0

[Event "Albacete op 13th"]
[Site "Albacete"]
[Date "2005.09.03"]
[Round "4"]
[White "Picazo Lopez, Ignacio"]
[Black "Alcaraz Soriano, Angela"]
[Result "1-0"]
[WhiteElo "1861"]
[BlackElo "2011"]
[PlyCount "41"]
[EventDate "2005.09.01"]
[EventType "swiss"]
[EventRounds "9"]
[EventCountry "ESP"]
[SourceTitle "CBM 108 Extra"]
[Source "ChessBase"]
[SourceDate "2005.11.04"]
[SourceVersion "1"]
[SourceVersionDate "2005.11.04"]
[SourceQuality "1"]

1. e4 c5 2. Nf3 d6 3. d4 Nf6 4. Nc3 cxd4 5. Nxd4 a6 6. Bg5 Nbd7 7. f4 g6 8. Qf3 Bg7 9. 0-0-0 Qc7 10. Kb1 b5 11. Bxf6 Nxf6 12. e5 Bb7 13. Qe2 dxe5 14. fxe5 Nh5 15. e6 f5 16. Nxf5 Bxc3 17. Rd7 Qe5 18. Rxe7+ Kf8 19. Rf7+ Ke8 20. bxc3 Qxe2 21. Bxe2 1-0

[Event "Albacete op 13th"]
[Site "Albacete"]
[Date "2005.09.01"]
[Round "1"]
[White "Picazo Lopez, Ignacio"]
[Black "Gomez Baillo, Jorge H"]
[Result "0-1"]
[WhiteElo "1861"]
[BlackElo "2422"]
[PlyCount "96"]
[EventDate "2005.09.01"]
[EventType "swiss"]
[EventRounds "9"]
[EventCountry "ESP"]
[SourceTitle "CBM 108 Extra"]
[Source "ChessBase"]
[SourceDate "2005.11.04"]
[SourceVersion "1"]
[SourceVersionDate "2005.11.04"]
[SourceQuality "1"]

1. e4 c6 2. d4 d5 3. exd5 cxd5 4. Bd3 Nc6 5. c3 Qc7 6. Nf3 Bg4 7. 0-0 e6 8. Re1 Bd6 9. h3 Bh5 10. Be3 Nge7 11. Nbd2 h6 12. Qc2 g5 13. a4 0-0-0 14. b4 g4 15. hxg4 Bxg4 16. b5 Na5 17. Kf1 Bf5 18. Rec1 Kb8 19. c4 dxc4 20. Nxc4 Nxc4 21. Qxc4 Qxc4 22. Bxc4 Rc8 23. Be2 Nd5 24. Rxc8+ Rxc8 25. Ne1 Bf4 26. Bxf4+ Nxf4 27. Bf3 Rc4 28. g3 Nd5 29. Bxd5 exd5 30. Nf3 f6 31. Kg2 Be4 32. Ra3 Rxd4 33. Kg1 Rd1+ 34. Kh2 d4 35. Kh3 d3 36. Kg4 Rc1 37. Nd2 Bg6 38. Kf4 Re1 39. Kf3 Re2 40. Ra2 Kc7 41. a5 Bf7 42. b6+ axb6 43. axb6+ Kxb6 44. Rb2+ Kc6 45. Kg2 b5 46. Kf1 h5 47. f4 Bd5 48. f5 Kb6 0-1